000 00779nam 22002413 4500
001 201343
010 _a978-972-20-6209-1
021 _aPT
_b422 160/17
090 _a201343
100 _a20260317d u||y0pory50 ba
101 _apor
200 _aA Grande Aventura de Naomi
_fSilvia Olivas (adapt.)
_gTradução de Marta Nazaré
205 _a
210 _aAlfragide
_cPublicações Dom Quixote
_d2017
215 _a[25] p. : muito il.
_cEncadernado
_d25 cm
225 _aElena de Avalor
_v2
304 _aTít. orig.: Elena and Naomi's big adventure
606 _947
_aLiteratura Infantil Americana
675 _a821.111(73)-93/OLI/GRA
_vPT
_zpor
700 _916875
_aOlivas
_bSilvia
801 _aPT
_bBMMN
_gRPC
830 _cCarlos Pinto
_d17-03-2026
_fCarlos Pinto
990 _cLIVROS